Countries, US States, Capitals, Elements, 100 Most Common Words: Containing Just 1 type of Vowel - Statistics

General Stats
  • This quiz has been taken 423 times
  • The average score is 11 of 24
Answer Stats
ANSWER % Correct
Alabama
84%
Mississippi
70%
Arkansas
68%
Kazakhstan
68%
Madagascar
66%
Bahamas
62%
Morocco
58%
Tennessee
57%
Comoros
54%
Kyrgyzstan
50%
Caracas
47%
Ashgabat
40%
Stockholm
40%
Seychelles
38%
Jakarta
37%
Atlanta
33%
Baghdad
33%
Kampala
33%
Cheyenne
28%
New Jersey
26%
Tbilisi
25%
Concord
19%
Krypton
19%
Maryland
18%
No matching quizzes found
Score Distribution
Percent of People with Each Score
Percentile by Number Answered
Your Score History
You have not taken this quiz